İçeriği atla

Современные тенденции в международно-правовом регулировании вопросов гражданства в связи с правопреемством государств Монография

Монография посвящена характеристике современных тенденций в международно-правовом регулировании вопросов гражданства в связи с правопреемством государств включая новейший опыт правопреемства 90-х годов ХХ века. Рассмотрена история разработки проектов статей Комиссии международного права ООН «О гражд...

Ful tanımlama

Kaydedildi:
Detaylı Bibliyografya
Yazar: Аксенов А.Б
Materyal Türü: Монография
Edisyon:1
Online Erişim:https://znanium.com/catalog/document?id=216848
https://znanium.com/cover/0517/517074.jpg
Etiketler: Etiketle
Etiket eklenmemiş, İlk siz ekleyin!
LEADER 02828nam0a2200301 i 4500
001 RU\infra-m\znanium\bibl\517074
003 https://znanium.com/catalog/document?id=216848
005 20241030000000.0
010 |a 978-5-93916-312-5 
100 |a 20241030d2015 m y0rusy0150 ca 
101 0 |a rus 
102 |a RU 
200 1 |a Современные тенденции в международно-правовом регулировании вопросов гражданства в связи с правопреемством государств  |e Монография  |f Российский государственный университет правосудия г. Москва им. В.М. Лебедева 
205 |a 1 
210 1 |a Москва  |c Российский государственный университет правосудия  |d 2011 
215 |a 184 с. 
330 |a Монография посвящена характеристике современных тенденций в международно-правовом регулировании вопросов гражданства в связи с правопреемством государств включая новейший опыт правопреемства 90-х годов ХХ века. Рассмотрена история разработки проектов статей Комиссии международного права ООН «О гражданстве физических лиц в связи с правопреемством государств» дан анализ принципов и норм регулирования вопросов гражданства в ситуациях передачи или отделения части территории объединения или распада государств. Рассчитана на юридическую общественность. 
333 |a ВО - Магистратура 
606 |a Право. Юридические науки  |x Международное частное право  |2 local 
608 |a Монография  |2 local 
675 |a 341  |z rus 
686 |a 67412  |2 rubbk 
686 |a 40.04.01  |2 okso 
686 |a 40.06.01  |2 okso 
700 1 |a Аксенов  |b А.Б.  |g Артемий Баширович  |p Российский государственный университет правосудия г. Москва им. В.М. Лебедева 
801 0 |a RU  |b Общество с ограниченной ответственностью «ЗНАНИУМ»  |c 20150609  |2 rusmarc 
856 4 |a znanium.com  |m ebs_support@infra-m.ru  |n НИЦ ИНФРА-М  |u https://znanium.com/catalog/document?id=216848 
856 4 1 |a znanium.com  |d /cover/0517  |f 517074.jpg  |q image/jpeg  |u https://znanium.com/cover/0517/517074.jpg